| 000 | 01921cam a22005054i 4500 | ||
|---|---|---|---|
| 003 | PE-LiUPU | ||
| 005 | 20250731184509.0 | ||
| 008 | 040920s2001 sp d g 000 0 spa d | ||
| 020 | _a8483014688 | ||
| 020 | _a9788483014684 | ||
| 035 | _a(Sirsi) i9788483014684 | ||
| 040 |
_aZWZ _encafnor _bspa _cZWZ _dPE-LiUPU |
||
| 049 | _aPRUA | ||
| 082 | 0 | 4 |
_a912.46 _bO97 _220 |
| 100 | 1 |
_aOyón, José Luis, _eautor. |
|
| 245 | 1 | 0 |
_aBarcelona 1930 : _bun atlas social / _cJosé Luis Oyón, José Maldonado, Eulàlia Griful. |
| 264 |
_aBarcelona : _bEdicions UPC, _c2001. |
||
| 300 |
_a182 páginas : _bilustraciones ; _c30 centímetros. |
||
| 336 |
_text _2rdacontent |
||
| 337 |
_unmediated _2rdamedia |
||
| 338 |
_volume _2rdacarrier |
||
| 505 | 2 | _aIntroducción -- Las variables sociogeográficas y su distribución en el espacio urbano -- Clases sociales -- Imigración -- Familia -- Vivienda -- Hacia una visión de síntesis -- Un resumen del espacio social barcelonés. | |
| 526 | _aP136 | ||
| 526 | _aP135 | ||
| 526 | _aP134 | ||
| 526 | _aP133 | ||
| 526 | _aP144 | ||
| 526 | _aP143 | ||
| 526 | _aP87 | ||
| 526 | _aP35 | ||
| 526 | _aP20 | ||
| 526 | _aP14 | ||
| 526 | _aP10 | ||
| 526 | _aP06 | ||
| 541 | _g003-001197; | ||
| 650 | 1 | 4 |
_aBarcelona (España) _xCondiciones sociales. |
| 650 | 2 | 4 |
_aBarcelona (España) _xCondiciones económicas. |
| 700 | 1 |
_aGriful, Eulàlia, _eautor. |
|
| 700 | 1 |
_aMaldonado, josé, _eautor. |
|
| 942 |
_2ddc _cBOOK |
||
| 949 |
_a912.46 O97 _wDEWEY _c1 _i73944 _lCCODEBUL1 _mBUL _p19.39 _r0 _sY _tBOOK _u2016-6-27 _xEDUCACION _PP06 _0COMPRA _o.STAFF. Colección General |
||
| 994 |
_aC0 _bPEPRU |
||
| 596 | _a1 | ||
| 999 |
_a912.46 O97 _wDEWEY _c10210 _i73944 _f2021-11-9 _g5 _lCCODEBUL1 _mBUL _p19.39 _r0 _sY _tBOOK _u2016-6-27 _xEDUCACION _PP06 _0COMPRA _o.STAFF. Colección General _d10210 |
||
| 980 |
_81 _gALBERTO SANCHEZ Responsable de Automatización |
||